000 00814nam a2200253 a 4500
001 42128
003 BD-RjUL
005 20211209053510.0
008 160609s19661965ncu 000 0 eng u
035 _a(OCoLC)19441288
035 _a(OCoLC)ocm19441288
035 _a(BD-RjUL)42246
035 _a(NNC)2562354
040 _cMLL
_dm.c.
_dNNC
_aBD-RjUL
_beng
041 _aeng
082 _223
_a658.1
_bKUF 1966
100 1 _aKust, Matthew J.
_9129557
245 1 0 _aForeign enterprise in India :
_blaws and policies /
_cby Matthew J. Kust.
260 _aChapel Hill :
_bUniversity of North Carolina Press,
_c1965 [r1966]
300 _av, 498 p. ;
_c23 cm.
650 0 _aBusiness enterprises, Foreign
_zIndia.
_9129558
650 0 _aInvestments, Foreign
_xLaw and legislation
_zIndia.
_9129559
942 _2ddc
_cBK
999 _c42128
_d42128